000 01147nam a2200277 i 4500
001 15434
003 ES-MaACL
005 20230906151056.0
007 t|
008 000310s1999 sp ||||1| spa d
020 _a84-375-0488-0
080 _a379.82-054.74(=1.460:72)
080 _a070 Sinaia
245 0 0 _aSinaia
_b: diario de la primera expedición de republicanos españoles a México.
250 _a1ª ed. en España, [ed. facs.].
260 _aMadrid :
_bInstituto Mexicano de Cooperación Internacional :
_bFondo de Cultura Económica :
_bUniversidad de Alcalá,
_c1999.
300 _a165 p. :
_bil. ;
_c28 cm.
500 _aReproducción facsímil del periódico de a bordo del Sinaia (edición diaria mimeografiada), realizado por la expedición de exiliados españoles a México.
650 4 _aExiliados españoles-
_zMéxico-
_xVida intelectual.
_9160018
655 7 _2tgfbne
_9226495
_aFacsímiles
710 2 _aInstituto Mexicano de Cooperación Internacional.
_95131
710 2 _aUniversidad de Alcalá de Henares.
_97135
852 _aES-MaACL
_jL-22465
_bR.128218
942 _2udc
999 _c15434
_d15434